000
00247nam a22001217a 4500
040
_c
HS
082
_a
639
100
_a
NA
245
_a
Broodstock management and egg and larval quality
260
_a
Germany
_b
NA
_c
NA
300
_a
424
942
_c
EK
999
_c
9760
_d
9760